000 00867nam a22002297a 4500
008 240702b mp ||||| |||| 00| 0 mon d
035 _a17880
040 _aSU1322070
_bmon
_cMN-UlNLM
_dMN-UlNLM
_erda
041 _amon
042 _a45189
084 _2NNA
_a92
_bЯ-112
245 0 _aЭсрэг тэсрэг ба хэлбэр дүрс
264 _aУБ
_bМон судар
_c2017
300 _aх.
336 _2rdacontent
_atext
_btxt
337 _2rdamedia
_aunmediated
_bn
338 _2rdacarrier
_avolume
_bnc
490 _aЯагаад
650 _aДэлхий ертөнцтэй алхам алхмаар танилцаарай, найзууд аа Хүүхдийн "Яагаад, ямар учраас, яаж?" гэсэн олон асуултанд гайхал төрүүлэм...
942 _2NNA
_cBK
999 _c1074943
_d1075000